The global economy and society: a world survey (Record no. 44647)

MARC details
000 -LEADER
fixed length control field 00511nam a2200121 a 4500
008 - FIXED-LENGTH DATA ELEMENTS--GENERAL INFORMATION
fixed length control field 100824s2000 ||||||||||||||||| || u
050 ## - LIBRARY OF CONGRESS CALL NUMBER
Classification number CBU-PWPA(02)
245 04 - TITLE STATEMENT
Title The global economy and society: a world survey
Statement of responsibility, etc. Compiled by Anderson, Gordon L.
260 ## - PUBLICATION, DISTRIBUTION, ETC.
Place of publication, distribution, etc. Minnesota
Name of publisher, distributor, etc. Professors World Peace Academy
Date of publication, distribution, etc. 2000
300 ## - PHYSICAL DESCRIPTION
Extent 173p.
350 ## - PRICE (NR) (BK AM CF MU VM SE) [OBSOLETE]
Price 0.00
995 ## - RECOMMENDATION 995 [LOCAL, UNIMARC FRANCE]
-- 0.00
-- CBU-MAIN LIBRARY (Kitwe)
-- 1
-- 0.00
-- 1
-- AVAILABLE
-- Aug 24, 2010
-- International Publications
Holdings
Withdrawn status Lost status Source of classification or shelving scheme Damaged status Not for loan Home library Current library Shelving location Date acquired Total Checkouts Full call number Barcode Date last seen Price effective from Koha item type
          CBU-MAIN LIBRARY, KITWE. CBU-MAIN LIBRARY, KITWE.   11/30/2022   CBU-PWPA(02) 03006993 11/30/2022 11/30/2022 MONOGRAPH